Datos estadísticos y descriptivos de los países de Centroamérica y Panamá
Indicadores económicos de los países de América Central referentes, en especial, al periodo 1960-1964. Contiene información estadística sobre los siguientes puntos: geografía (ubicación, geología, ecología, materias primas), demografía, cuentas nacionales (PIB, PNB y otros), sector agropecuario (ten...
保存先:
| 団体著者: | |
|---|---|
| フォーマット: | テキスト |
| 出版事項: |
Guatemala:
SIECA
|
| 主題: | |
| タグ: |
タグ追加
タグなし, このレコードへの初めてのタグを付けませんか!
|
MARC
| LEADER | 00000 a a2200000 04500 | ||
|---|---|---|---|
| 001 | 19898 | ||
| 003 | |||
| 040 | |||
| 090 | |a 080800 | ||
| 110 | |a SIECA | ||
| 245 | |a Datos estadísticos y descriptivos de los países de Centroamérica y Panamá | ||
| 260 | |a Guatemala: |b SIECA | ||
| 300 | |a 212 p. | ||
| 520 | |a Indicadores económicos de los países de América Central referentes, en especial, al periodo 1960-1964. Contiene información estadística sobre los siguientes puntos: geografía (ubicación, geología, ecología, materias primas), demografía, cuentas nacionales (PIB, PNB y otros), sector agropecuario (tenencia de la tierra, producción agrícola), sector industrial, sector externo balanza comercial y de pagos, importaciones y exportaciones), infraestructura, sector público (ingresos y egresos del gobierno, deuda pública), banca y moneda, 1 educación./ACM | ||
| 650 | |a AMERICA CENTRAL | ||
| 650 | |a GEOGRAFIA FISICA | ||
| 650 | |a DEMOGRAFIA | ||
| 650 | |a PRODUCTO INTERNO BRUTO | ||
| 650 | |a SECTOR AGROPECUARIO | ||
| 650 | |a SECTOR INDUSTRIAL | ||
| 650 | |a BALANZA COMERCIAL | ||
| 650 | |a INDICADORES ECONOMICOS | ||
| 650 | |a INDICADORES SOCIALES | ||
| 650 | |a PUB. SIECA | ||
| 999 | |c 11758 |d 11758 | ||
